000 00712nam a2200265Ia 4500
008
020 _a094689145x (pbk. )
049 _aMAIN
090 _aHE965 BRO
100 1 _aBrown, Robert Henry.
245 1 0 _aMarine insurance /
_cby Robert H. Brown.
250 _a2nd ed.
260 _aLondon :
_bWitherby,
_c1993
300 _axvi, 1187 p. :
_bill. ;
_c23 cm.
440 0 _aMonument series
500 _aIncludes index.
505 0 _av. 3. Hull practice.
650 0 _aInsurance, Marine.
650 _aHull practice.
907 _a.b10224932
_b21-03-12
_c19-01-07
003
005 20230123134329.0
040 _cNUST
942 _cBOOKS
_kHE965 BRO
999 _c164037
_d164037